Online
Catalog

Manual de procedimientos básicos en sala de emergencia / (Record no. 20163)

MARC details
000 -CABECERA
campo de control de longitud fija 00904nam a2200205 u 4500
001 - NÚMERO DE CONTROL
campo de control 000020659
005 - FECHA Y HORA DE LA ÚLTIMA TRANSACCIÓN
campo de control 20200930011137.0
008 - DATOS DE LONGITUD FIJA--INFORMACIÓN GENERAL
campo de control de longitud fija 100812s2017 dr a r 000 0 spa d
020 ## - NÚMERO INTERNACIONAL ESTÁNDAR DEL LIBRO
Número Internacional Estándar del Libro 9789945089929
040 ## - FUENTE DE LA CATALOGACIÓN
Centro catalogador/agencia de origen DO-SdBNP
Lengua de catalogación spa
Centro/agencia transcriptor BNPHU
082 ## - NÚMERO DE LA CLASIFICACIÓN DECIMAL DEWEY
Número de clasificación xxx
Número de documento/Ítem T944m
100 #1 - ENTRADA PRINCIPAL--NOMBRE DE PERSONA
Nombre de persona Turner R., Damaris E.
9 (RLIN) 43405
245 10 - MENCIÓN DE TÍTULO
Título Manual de procedimientos básicos en sala de emergencia /
Mención de responsabilidad, etc. Damaris E. Turner R.; prólogo Carmen Bautista Peña; corrección de estilo Juan Ramón Turner Ramírez, Federico Francis Turner; diseño de portada Robinson Hernández.
260 ## - PUBLICACIÓN, DISTRIBUCIÓN, ETC.
Lugar de publicación, distribución, etc. Santo Domingo :
Nombre del editor, distribuidor, etc. Impresora Yeraldin,
Fecha de publicación, distribución, etc. 2017.
300 ## - DESCRIPCIÓN FÍSICA
Extensión 306 p. :
Otras características físicas il. ;
Dimensiones 21 cm.
590 ## - NOTA LOCAL (RLIN)
Nota local Inventariado, 2020 / DG
700 ## - PUNTO DE ACCESO ADICIONAL--NOMBRE DE PERSONA
Nombre de persona Bautista Peña, Carmen
Numeración Prólogo
9 (RLIN) 43406
700 ## - PUNTO DE ACCESO ADICIONAL--NOMBRE DE PERSONA
Nombre de persona Turner Ramiréz, Juan Ramón, Turner, Federico Francis
Término indicativo de función/relación Corrección de estilo
9 (RLIN) 43407
700 ## - PUNTO DE ACCESO ADICIONAL--NOMBRE DE PERSONA
Nombre de persona Hernández, Robinson
Término indicativo de función/relación diseño de portada
9 (RLIN) 43408
Holdings
Estado de retiro Estado de pérdida Restricciones de uso No para préstamo Código de colección Localización permanente Ubicación/localización actual Ubicación en estantería Fecha de adquisición Número de inventario Total de préstamos Signatura topográfica completa Código de barras Fecha visto por última vez Número de copia Precio válido a partir de Tipo de ítem Koha
        Dominicana de Servicio General General Depósito 16.03.2020 LF1   xxx T944m 20659-30 25.06.2020 e.3 25.06.2020 Libro y Folleto Colección Dominicana de Servicio
      Excluido de préstamo Patrimonio Dominicano Patrimonio Dominicano Patrimonio Dominicano Depósito 16.03.2020 LF1   xxx T944m 20659-10 25.06.2020   25.06.2020 Libro y Folleto Colección Patrimonio Dominicano
      Excluido de préstamo Patrimonio Dominicano Patrimonio Dominicano Patrimonio Dominicano Depósito 16.03.2020 LF1   xxx T944m 20659-20 25.06.2020 e.2 25.06.2020 Libro y Folleto Colección Patrimonio Dominicano

Powered by Koha